000
00300nam a22001337a 4500
008
180125b xxu||||| |||| 00| 0 eng d
020
_a
2900763737978
041
_a
eng
080
_a
33
100
_a
52
101
_a
eco
245
_a
essentials health economics
_c
diane.m.d
942
_2
udc
_c
BK
999
_c
40891
_d
40891